| 000 | 00450nam a2200133 a 4500 | ||
|---|---|---|---|
| 008 | 120416s1967 ||||||||||||||||| || u | ||
| 050 | _aTN 440 Bro | ||
| 100 | _aBrown, Geoffrey | ||
| 245 | 1 | 4 | _aThe world of copper |
| 260 |
_aLusaka _bOxford University Press _c1967 |
||
| 300 | _a61p. : ill. | ||
| 350 | _a0.00 | ||
| 995 |
_D0.00 _FCBU-MAIN LIBRARY (Kitwe) _H1 _I1.00 _M1 _UAVAILABLE _ZZambiana Collection |
||
| 999 |
_c62135 _d62135 |
||